| 000 | 01098cam a22002291 4500 | ||
|---|---|---|---|
| 001 | 000017964 | ||
| 005 | 20200929165309.0 | ||
| 008 | 800423s1944 ag 000 0 spa c | ||
| 010 | _aa 46001316 | ||
| 035 | _a(OCoLC)6235671 | ||
| 040 |
_aDO-SdBNP _cNmU _dNmU _dDLC |
||
| 042 | _apremarc | ||
| 050 | 0 | 0 |
_aML385 _b.A35 |
| 100 | 1 |
_aAguilar, Paco, _d1897- _938948 |
|
| 245 | 1 | 0 | _aA orillas de la musica. |
| 260 |
_aBuenos Aires, : _bEditorial Losada, S.A., _c[1944]. |
||
| 300 |
_a174 p. ; _c18 cm. |
||
| 490 | 0 | _aBiblioteca contemporanea. 137 | |
| 505 | 0 | _aUn dia de Manuel de Falla.--Un dia de Mauricio Ravel.--Un dia de Joaquin Turina.--Un dia de Igor Stravinsky.--Un dia de Lily Pons.--Un dia de Ernesto Halffter.--Un dia de Ignacio Paderewsky.--Un dia de Joaquin Nin.--Un dia de Conchita Badia.--Un dia de Pablo Casals.--Un dia de Alejandro Brailovsky.--Un dia de Ricardo Vines.--Un dia de Arturo Rubinstein.--Un dia de Jose Iturbi.--Un dia de Jane Batori.--Un dia de Andres Segovia.--Un dia de los hermanos Aguilar. | |
| 650 | 0 |
_aMusicians. _938949 |
|
| 910 | _aCatalogación por copia / LC | ||
| 999 |
_c17488 _d17488 |
||